[Event "Elit(Upsala-LASK)"]
[Site "?"]
[Date "2008.12.07"]
[Round "5"]
[White "Semcesen, Daniel"]
[Black "Johansson, Jan"]
[Result "1/2-1/2"]
[WhiteElo "2446"]
[BlackElo "2478"]
[PlyCount "134"]

1. Nf3 Nf6 2. c4 e6 3. Nc3 Bb4 4. Qc2 c5 5. g4 O-O 6. g5 Ne8 7. e3 f5 8. a3
Bxc3 9. Qxc3 d6 10. d3 e5 11. h4 Nc6 12. Be2 Be6 13. b4 b6 14. Bb2 a6 15. d4 e4
16. Nd2 cxd4 17. exd4 d5 18. c5 b5 19. f4 Nc7 20. Nb3 Bd7 21. Qe3 a5 22. Bc3
axb4 23. axb4 Rxa1+ 24. Nxa1 Qa8 25. Nc2 Qa2 26. Kd2 Qa8 27. Ra1 Qb8 28. Qf2
Ne6 29. Ke3 Ne7 30. Ne1 Ng6 31. Ng2 Qb7 32. Qe1 Ra8 33. Rxa8+ Qxa8 34. Qa1 Qb8
35. Qf1 Bc6 36. Bh5 Ne7 37. Be2 Kf8 38. Bh5 Be8 39. Be2 Qb7 40. Qa1 Nc6 41. Qa2
Ne7 42. Qa1 Ng6 43. Qf1 Qa7 44. Qa1 Qb8 45. Qf1 Kg8 46. Bb2 Ne7 47. Bc3 h6 48.
Qe1 hxg5 49. hxg5 Ng6 50. Qf2 Qa7 51. Qf1 Qb8 52. Qf2 Bf7 53. Bd1 Be8 54. Be2
Kf8 55. Bd1 Ke7 56. Bb3 Bc6 57. Qg3 Qa8 58. Bc2 Qh8 59. Bd1 Qh1 60. Be1 Kd7 61.
Be2 Qh8 62. Bc3 Kc7 63. Be1 Kb7 64. Bc3 Qb8 65. Qf2 Qa8 66. Qg3 Ngf8 67. Qe1
Qa3 1/2-1/2

[Event "Elit(Upsala-LASK)"]
[Site "?"]
[Date "2008.12.07"]
[Round "5"]
[White "Lindberg, Henrik"]
[Black "Grandelius, Nils"]
[Result "1/2-1/2"]
[WhiteElo "2320"]
[BlackElo "2554"]
[PlyCount "109"]

1. e4 e5 2. Nf3 Nc6 3. Nc3 Nf6 4. d4 exd4 5. Nxd4 Bb4 6. Nxc6 bxc6 7. Bd3 d5 8.
exd5 cxd5 9. O-O O-O 10. Bg5 c6 11. Qf3 Re8 12. h3 Rb8 13. Na4 Be6 14. Rfd1 Bd6
15. Bf4 Rb4 16. Bxd6 Qxd6 17. b3 c5 18. c4 d4 19. Nc3 Rbb8 20. Ne4 Nxe4 21.
Bxe4 a5 22. Re1 Red8 23. Rad1 a4 24. Bc2 axb3 25. axb3 Ra8 26. h4 Ra2 27. Bd3
Rb2 28. Rb1 Rxb1 29. Rxb1 g6 30. Qf6 Bg4 31. Qxd6 Rxd6 32. b4 cxb4 33. Rxb4 Rc6
34. c5 Rxc5 35. Rxd4 Be6 36. Be4 Kg7 37. Bf3 Rc1+ 38. Rd1 Rc4 39. g3 Rc5 40.
Kg2 h6 41. Rd4 g5 42. hxg5 hxg5 43. g4 Kf6 44. Rb4 Rc1 45. Rb5 Rc3 46. Ra5 Rc4
47. Kg3 Kg6 48. Re5 Rd4 49. Rc5 Rd3 50. Kg2 Kf6 51. Ra5 Rd4 52. Kg3 Rd3 53. Kg2
Rd4 54. Kg3 Rd3 55. Kg2 1/2-1/2

[Event "Elit(Upsala-LASK)"]
[Site "?"]
[Date "2008.12.07"]
[Round "5"]
[White "Tikkanen, Hans"]
[Black "Andersson, Fredrik"]
[Result "1-0"]
[WhiteElo "2468"]
[BlackElo "2317"]
[PlyCount "83"]
[SourceDate "2008.12.11"]

1. d4 Nf6 2. c4 g6 3. Nc3 Bg7 4. e4 d6 5. Nf3 O-O 6. Be2 e5 7. O-O Nc6 8. d5
Ne7 9. Ne1 Nd7 10. Nd3 f5 11. Bd2 Nf6 12. f3 f4 13. c5 g5 14. cxd6 cxd6 15. Nf2
Ng6 16. Qc2 h5 17. h3 Rf7 18. Rfc1 Bf8 19. Nb5 Ne8 20. Nxa7 Rc7 21. Ba5 Rxc2
22. Bxd8 Rxe2 23. Nxc8 Bh6 24. a4 Rxb2 25. a5 Kf7 26. Rc4 Nf8 27. a6 bxa6 28.
Rc6 Rbb8 29. Nxd6+ Nxd6 30. Rxd6 Ng6 31. Bc7 Rb7 32. Rc6 Bf8 33. Nd3 Bg7 34. d6
Nf8 35. Nc5 Rb5 36. d7 Rxc5 37. Rxc5 Nxd7 38. Rc6 g4 39. Raxa6 Rg8 40. Ra7 gxf3
41. Ba5 Ke7 42. Bb4+ 1-0

[Event "Elit(Upsala-LASK)"]
[Site "?"]
[Date "2008.12.07"]
[Round "5"]
[White "Lundvik, Jonas"]
[Black "Olsson, Linus"]
[Result "0-1"]
[WhiteElo "2362"]
[BlackElo "2443"]
[PlyCount "140"]

1. d4 d5 2. Nf3 Nc6 3. c4 Bg4 4. Nc3 e6 5. Qa4 Bxf3 6. gxf3 Bb4 7. e3 Nge7 8.
Bd2 O-O 9. cxd5 Nxd5 10. a3 Bxc3 11. bxc3 e5 12. Rb1 Nb6 13. Qd1 exd4 14. cxd4
Qe7 15. Bb5 Nxd4 16. Bb4 c5 17. Qxd4 cxb4 18. Qxb4 Qf6 19. Be2 Nd5 20. Qxb7 Nc3
21. Rb3 Rfd8 22. f4 Qd6 23. Qf3 Qd2+ 24. Kf1 Qc1+ 25. Kg2 Qc2 26. Bc4 Rac8 27.
Rb4 a5 28. Bxf7+ Kxf7 29. Rb7+ Kg8 30. Ra7 Qg6+ 31. Qg3 Qxg3+ 32. fxg3 Rd2+ 33.
Kf3 Nd1 34. Re1 Re8 35. e4 Rd3+ 36. Ke2 Red8 37. Rxa5 Rd2+ 38. Kf3 Rxh2 39. f5
h5 40. Kf4 Kh7 41. Rd5 Rxd5 42. exd5 Rd2 43. Re5 Nc3 44. Kg5 Nxd5 45. Kxh5 Nf6+
46. Kh4 Kh6 47. Kh3 Kg5 48. Rb5 Rd3 49. a4 Ne4 50. f6+ Kxf6 51. Rb6+ Kg5 52.
Rb5+ Kh6 53. Kg4 Nxg3 54. a5 Ne4 55. a6 Nf6+ 56. Kf5 Rf3+ 57. Ke6 Ra3 58. Rb6
Ra5 59. Rc6 Ne4 60. Kf7+ Kh7 61. Rb6 Ng5+ 62. Ke7 g6 63. Kd8 Kh6 64. Kc8 Ne4
65. Kb8 Nc5 66. Rxg6+ Kxg6 67. a7 Na6+ 68. Kb7 Nc7 69. Kb6 Ra1 70. Kb7 Kf6 0-1

[Event "Elit(Upsala-LASK)"]
[Site "?"]
[Date "2008.12.07"]
[Round "5"]
[White "Dragicevic, Drazen"]
[Black "Glimbrandt, Torbjorn"]
[Result "1/2-1/2"]
[WhiteElo "2390"]
[BlackElo "2348"]
[PlyCount "90"]

1. c4 e6 2. Nf3 Nf6 3. g3 d5 4. Bg2 c5 5. cxd5 exd5 6. d4 Nc6 7. O-O Be7 8. Nc3
O-O 9. dxc5 Bxc5 10. Bg5 d4 11. Ne4 Be7 12. Nxf6+ Bxf6 13. Qd2 Re8 14. Bxf6
Qxf6 15. Rfd1 Bg4 16. h3 Bxf3 17. Bxf3 Rad8 18. Rac1 d3 19. Qc3 Qxc3 20. bxc3
Ne5 21. Kf1 Nxf3 22. exf3 Kf8 23. Rd2 Re6 24. f4 Rd7 25. Kg2 Ra6 26. Rb1 g6 27.
Kf3 Ke7 28. g4 Rc6 29. Rb3 Kd8 30. Ke3 Re6+ 31. Kf3 Kc8 32. c4 Rc6 33. Rbxd3
Rxd3+ 34. Rxd3 Rxc4 35. Re3 Kd7 36. Rd3+ Ke7 37. Re3+ Kd7 38. Rd3+ Ke7 39. Re3+
Kf8 40. Rd3 Ra4 41. a3 b5 42. Re3 a6 43. Kg3 Rc4 44. h4 a5 45. Re5 Rc3+ 1/2-1/2

[Event "Elit(Upsala-LASK)"]
[Site "?"]
[Date "2008.12.07"]
[Round "5"]
[White "Svensson, Mans"]
[Black "Smith, Axel"]
[Result "1/2-1/2"]
[WhiteElo "2237"]
[BlackElo "2429"]
[PlyCount "56"]

1. d4 d5 2. c4 e6 3. Nc3 c6 4. e3 Nf6 5. Nf3 Nbd7 6. Qc2 Bd6 7. g4 Nxg4 8. Rg1
Nxh2 9. Nxh2 Bxh2 10. Rxg7 Nf8 11. Rg2 Bc7 12. Bd2 Ng6 13. Be2 Bd7 14. O-O-O
Qe7 15. Kb1 O-O-O 16. cxd5 exd5 17. Rc1 Bh3 18. Rgg1 Kb8 19. Rh1 Qe6 20. Bd3
Nh4 21. Na4 Nf3 22. Bb4 Bd6 23. Bxd6+ Rxd6 24. Nc5 Qg4 25. Ka1 Ka8 26. Qb3 Rb8
27. Qa3 Rh6 28. Rc3 Qg8 1/2-1/2

[Event "Elit(Upsala-LASK)"]
[Site "?"]
[Date "2008.12.07"]
[Round "5"]
[White "Bejtovic, Jasmin"]
[Black "Burwick, Malte"]
[Result "1-0"]
[WhiteElo "2340"]
[BlackElo "2302"]
[PlyCount "75"]

1. e4 g6 2. d4 Bg7 3. Nc3 d6 4. f4 a6 5. Nf3 Nd7 6. e5 c5 7. Ng5 h6 8. Nxf7
Kxf7 9. e6+ Kf8 10. exd7 Bxd7 11. dxc5 dxc5 12. Bd3 Bf5 13. O-O Qd4+ 14. Kh1 c4
15. Bxf5 Qxd1 16. Rxd1 gxf5 17. Rd7 b5 18. Be3 Rc8 19. Rad1 Nf6 20. Ra7 Rc6 21.
Bd4 Re6 22. Be5 Ng4 23. Rf1 Bxe5 24. fxe5 Nxe5 25. Nd5 Ng6 26. Rxf5+ Kg7 27. h3
Rd8 28. Nc7 Re1+ 29. Kh2 Rd2 30. Rxa6 Ree2 31. Ne6+ Rxe6 32. Rxe6 Rxc2 33. Rxb5
Nf4 34. Rxe7+ Kf6 35. Ra7 Rxg2+ 36. Kh1 Rg3 37. Ra6+ Ne6 38. Kh2 1-0

[Event "Elit(Upsala-LASK)"]
[Site "?"]
[Date "2008.12.07"]
[Round "5"]
[White "Marttala, Thomas"]
[Black "Nilsson, Sebastian"]
[Result "1/2-1/2"]
[WhiteElo "2251"]
[BlackElo "2327"]
[PlyCount "63"]

1. Nf3 Nf6 2. c4 c5 3. e3 e6 4. Nc3 Nc6 5. d4 d5 6. a3 a6 7. Bd3 Bd6 8. O-O O-O
9. dxc5 Bxc5 10. b4 Bd6 11. Bb2 dxc4 12. Bxc4 Ne5 13. Be2 Qc7 14. h3 Rd8 15.
Qb3 b5 16. a4 bxa4 17. Nxa4 Nxf3+ 18. Bxf3 Bb7 19. Rfc1 Qb8 20. Bxb7 Qxb7 21.
Bxf6 gxf6 22. Nc5 Qb5 23. Ra5 Qe2 24. Ra2 Qb5 25. Ra5 Qe2 26. Qa2 Qxa2 27. Rxa2
Rdc8 28. Rca1 Bxc5 29. bxc5 Rxc5 30. Rxa6 Rxa6 31. Rxa6 Kg7 32. Kh2 1/2-1/2

[Event "Elit(Orgryte-Rockaden)"]
[Site "?"]
[Date "2008.12.07"]
[Round "5"]
[White "Barkhagen, Jonas"]
[Black "Ziegler, Ari"]
[Result "1-0"]
[WhiteElo "2536"]
[BlackElo "2434"]
[PlyCount "87"]

1. d4 e6 2. c4 c5 3. d5 exd5 4. cxd5 d6 5. Nc3 Nf6 6. e4 g6 7. f4 Bg7 8. Bb5+
Nbd7 9. e5 dxe5 10. fxe5 Nh5 11. e6 Qh4+ 12. g3 Nxg3 13. hxg3 Qxh1 14. Be3
Bxc3+ 15. bxc3 a6 16. exd7+ Bxd7 17. Bxd7+ Kxd7 18. Qg4+ f5 19. Qf3 Qxf3 20.
Nxf3 Rae8 21. Kf2 Re4 22. Bxc5 Rc8 23. Bd4 Kd6 24. Ng5 Re7 25. Rh1 Kxd5 26.
Nxh7 Rc4 27. Nf8 Rc6 28. Rh6 g5 29. Rh5 Rf7 30. Nh7 g4 31. Ke3 Kc4 32. Kf4 b5
33. Ng5 Rf8 34. Rh7 b4 35. Bg7 Rb8 36. cxb4 Rxb4 37. Kxf5 Kd3 38. Nf7 Rc2 39.
Ne5+ Ke2 40. Rh2+ Kd1 41. Rh1+ Ke2 42. Nxg4 Kf3 43. Rf1+ Kxg3 44. Be5+ 1-0

[Event "Elit(Orgryte-Rockaden)"]
[Site "?"]
[Date "2008.12.07"]
[Round "5"]
[White "Arnelind, Mikael"]
[Black "Blomqvist, Erik"]
[Result "1/2-1/2"]
[WhiteElo "2277"]
[BlackElo "2474"]
[PlyCount "83"]

1. d4 d5 2. c4 c6 3. Nc3 Nf6 4. Nf3 e6 5. e3 Nbd7 6. Bd3 dxc4 7. Bxc4 b5 8. Bd3
Bb7 9. e4 b4 10. Na4 c5 11. e5 Nd5 12. dxc5 Nxc5 13. Bb5+ Nd7 14. Bg5 Qa5 15.
Bxd7+ Kxd7 16. O-O h6 17. Bd2 Bc6 18. b3 Bxa4 19. bxa4 Bc5 20. a3 Rab8 21. axb4
Bxb4 22. Bxb4 Rxb4 23. Qd3 Rxa4 24. Rab1 Rb4 25. Ra1 Ra4 26. Rab1 Qa6 27. Qxa6
Rxa6 28. Rb7+ Nc7 29. Rc1 Rc8 30. Nd4 Ra5 31. f4 a6 32. Rc3 Rd5 33. Nb3 f6 34.
exf6 gxf6 35. Ra7 Kd6 36. Rxa6+ Nxa6 37. Rxc8 Nb4 38. Kf2 Nc6 39. Rh8 h5 40.
Ke2 Rf5 41. Ke3 Nb4 42. g3 1/2-1/2

[Event "Elit(Orgryte-Rockaden)"]
[Site "?"]
[Date "2008.12.07"]
[Round "5"]
[White "Bator, Robert"]
[Black "Frisk Kockum, Anton"]
[Result "1-0"]
[WhiteElo "2455"]
[BlackElo "2319"]
[PlyCount "89"]

1. d4 f5 2. g3 Nf6 3. Bg2 g6 4. Nf3 Bg7 5. c4 O-O 6. O-O d6 7. Nc3 Nc6 8. d5
Ne5 9. Nxe5 dxe5 10. Qb3 Kh8 11. Rd1 h6 12. Be3 g5 13. c5 Ng4 14. Bd2 e4 15.
Be1 a6 16. Na4 Qe8 17. f3 Ne5 18. f4 gxf4 19. gxf4 Ng4 20. h3 Nf6 21. d6 Bd7
22. Nc3 cxd6 23. cxd6 Bc6 24. e3 e6 25. Kh1 Rg8 26. Rd2 Rd8 27. Bh4 Rd7 28. Rg1
Nd5 29. Nxd5 exd5 30. Be7 Bf8 31. Qc3+ Bg7 32. Qb3 Qf7 33. Bf1 Bf6 34. Rxg8+
Kxg8 35. Rg2+ Kh7 36. Qd1 d4 37. Bc4 Qxc4 38. Qh5 Bg5 39. Rxg5 Qe6 40. Rxf5
dxe3 41. Rf6 Qxf6 42. Bxf6 e2 43. Bc3 e3+ 44. Kh2 Rg7 45. Qxe2 1-0

[Event "Elit(Orgryte-Rockaden)"]
[Site "?"]
[Date "2008.12.07"]
[Round "5"]
[White "Hultin, Johan"]
[Black "Hermansson, Emil"]
[Result "1/2-1/2"]
[WhiteElo "2298"]
[BlackElo "2469"]
[PlyCount "84"]

1. d4 Nf6 2. Nf3 g6 3. c4 Bg7 4. Nc3 d5 5. Bg5 Ne4 6. Bf4 Nxc3 7. bxc3 c5 8. e3
O-O 9. cxd5 cxd4 10. cxd4 Qxd5 11. Be2 Nc6 12. O-O Bf5 13. Qa4 Qa5 14. Qxa5
Nxa5 15. Rfc1 Rac8 16. Kf1 a6 17. Ne5 g5 18. Bg3 Be6 19. Nd3 Nc4 20. Nc5 Rxc5
21. dxc5 Bxa1 22. Bxc4 Bb2 23. Rc2 Bxc4+ 24. Rxc4 Rc8 25. Rb4 Bf6 26. Rxb7 Rxc5
27. Rc7 Rb5 28. Rc2 a5 29. Ke2 h5 30. f3 a4 31. Be1 Rb1 32. Ba5 Kg7 33. Kd3 Kg6
34. Bc3 Bxc3 35. Rxc3 g4 36. fxg4 hxg4 37. h3 g3 38. Ke2 Rb2+ 39. Kf3 Rxa2 40.
Rc6+ e6 41. Kxg3 Ra1 42. Ra6 Kf5 1/2-1/2

[Event "Elit(Orgryte-Rockaden)"]
[Site "?"]
[Date "2008.12.07"]
[Round "5"]
[White "Engqvist, Thomas"]
[Black "Virolainen, Victor"]
[Result "1/2-1/2"]
[WhiteElo "2434"]
[BlackElo "2222"]
[PlyCount "97"]

1. c4 c5 2. Nf3 g6 3. d4 cxd4 4. Nxd4 Bg7 5. e4 Nc6 6. Be3 Nf6 7. Nc3 d6 8. Be2
O-O 9. O-O Nxd4 10. Bxd4 Be6 11. b3 a6 12. Qd3 Qa5 13. f4 Rfe8 14. Kh1 Rac8 15.
Rad1 Bd7 16. b4 Qa3 17. Rb1 b5 18. Rb3 bxc4 19. Rxa3 cxd3 20. Bxd3 Rb8 21. Bxf6
Bxf6 22. Nd5 Bb5 23. Nc7 Rec8 24. Nxb5 axb5 25. Ra5 Bc3 26. a3 Bb2 27. Rb1 Rc3
28. Rxb5 Rxb5 29. Bxb5 Bxa3 30. Bf1 Rc1 31. Rxc1 Bxc1 32. g3 Be3 33. Kg2 e6 34.
Kf3 Bd2 35. b5 Ba5 36. g4 Kf8 37. g5 Ke7 38. h4 Bb6 39. Kg4 Ke8 40. h5 Ke7 41.
h6 Kd7 42. Bd3 Ke7 43. f5 Kf8 44. Kf4 Bc5 45. Bc4 Ke7 46. Be2 Bb6 47. Bg4 Bc5
48. Kf3 Bb6 49. Bh3 1/2-1/2

[Event "Elit(Orgryte-Rockaden)"]
[Site "?"]
[Date "2008.12.07"]
[Round "5"]
[White "Forsberg, Jan-Olof"]
[Black "Livner, Anders"]
[Result "1/2-1/2"]
[WhiteElo "2177"]
[BlackElo "2404"]
[PlyCount "114"]

1. d4 d5 2. c4 dxc4 3. Nf3 Nf6 4. e3 e6 5. Bxc4 c5 6. O-O a6 7. a4 Nc6 8. Qe2
Qc7 9. Rd1 Bd6 10. Nc3 O-O 11. h3 Bd7 12. dxc5 Bxc5 13. e4 e5 14. Bg5 Nd4 15.
Nxd4 exd4 16. Bxf6 dxc3 17. Bxc3 Rad8 18. Bd5 Qf4 19. Rd3 Bc6 20. Rf3 Qc7 21.
Qd2 Bxd5 22. exd5 Qd6 23. Rd1 Rde8 24. Qg5 f6 25. Qg4 Re7 26. Qc4 Rfe8 27. Qf4
Re4 28. Qxd6 Bxd6 29. a5 Kf7 30. g3 Ke7 31. Kg2 Kd7 32. Bd4 Rc8 33. Rb3 Rc7 34.
Kf3 Re8 35. Bb6 Rc4 36. Be3 Bb4 37. Rd4 Rxd4 38. Bxd4 Bxa5 39. Rxb7+ Kd6 40.
Ra7 Kxd5 41. Rxa6 Kxd4 42. Rxa5 Rb8 43. Ra7 g6 44. Rxh7 Rb3+ 45. Kg2 Ke4 46.
Re7+ Kf5 47. Re2 g5 48. Rc2 Kg6 49. Kf1 f5 50. Rc6+ Kg7 51. Rc2 Kg6 52. Kg2 Kf6
53. Rc6+ Kg7 54. Rc5 Kg6 55. Rc6+ Kg7 56. Rc5 Kg6 57. Rc6+ Kg7 1/2-1/2

[Event "Elit(Orgryte-Rockaden)"]
[Site "?"]
[Date "2008.12.07"]
[Round "5"]
[White "Hedman, Erik"]
[Black "Eksmyr, Johan"]
[Result "1-0"]
[WhiteElo "2410"]
[BlackElo "2184"]
[PlyCount "81"]

1. e4 c6 2. d4 d5 3. e5 Bf5 4. Nd2 e6 5. Nb3 Nd7 6. Nf3 Be7 7. Be2 h5 8. O-O
Nh6 9. Bd2 Bg4 10. c4 dxc4 11. Na5 Qc7 12. Nxc4 Nf5 13. Bc3 Rd8 14. a4 Nb6 15.
Ne3 Nd5 16. Nxf5 Bxf5 17. Bd3 Bg4 18. h3 Bxf3 19. Qxf3 g5 20. Be4 g4 21. hxg4
hxg4 22. Qxg4 Nf6 23. Qf3 Nxe4 24. Qxe4 f5 25. Qf3 Bg5 26. Rfd1 Rh4 27. g3 Rg4
28. Kg2 Rd7 29. Rh1 Rh7 30. Rxh7 Qxh7 31. Rh1 Qg7 32. b4 Bd8 33. b5 Kd7 34.
bxc6+ bxc6 35. Rb1 Bb6 36. a5 Kc7 37. axb6+ axb6 38. Bb4 f4 39. Rc1 c5 40. dxc5
b5 41. Ra1 1-0

[Event "Elit(Orgryte-Rockaden)"]
[Site "?"]
[Date "2008.12.07"]
[Round "5"]
[White "Rolen, Magnus"]
[Black "Lissang, Christopher"]
[Result "0-1"]
[WhiteElo "2164"]
[BlackElo "2333"]
[PlyCount "72"]

1. e4 c5 2. Nc3 a6 3. g3 b5 4. Bg2 Bb7 5. Nge2 Nf6 6. d3 e6 7. O-O d5 8. exd5
Nxd5 9. Nxd5 Bxd5 10. Bxd5 Qxd5 11. Nc3 Qd7 12. a4 b4 13. Ne4 Nc6 14. b3 Be7
15. Bb2 O-O 16. Qg4 Nd4 17. Bxd4 Qxd4 18. Qe2 Rae8 19. Kh1 Qd5 20. f3 f5 21.
Nd2 Bf6 22. Rad1 Bd4 23. Qg2 g6 24. Nc4 e5 25. Rde1 Re6 26. Re2 Rfe8 27. Ne3
Qd7 28. Nc4 Qe7 29. g4 Kh8 30. gxf5 gxf5 31. Qh3 Rg6 32. Rg2 Rxg2 33. Qxg2 Rg8
34. Qe2 Qg5 35. h3 Qh4 36. Qh2 Rg3 0-1

[Event "Elit(Rockaden-Vasteras)"]
[Site "?"]
[Date "2009.01.17"]
[Round "6"]
[White "Sjodahl, Pontus"]
[Black "Blomqvist, Erik"]
[Result "0-1"]
[WhiteElo "2505"]
[BlackElo "2502"]
[PlyCount "60"]
[SourceDate "2009.01.22"]

1. d4 d5 2. c4 c6 3. Nf3 Nf6 4. Qc2 dxc4 5. Qxc4 Bf5 6. g3 e6 7. Bg2 Nbd7 8.
O-O Be7 9. Nc3 O-O 10. Re1 Ne4 11. Qb3 Qb6 12. Qxb6 axb6 13. Nxe4 Bxe4 14. Ne5
Nxe5 15. Bxe4 Nd7 16. Bc2 Rfd8 17. Rd1 b5 18. Bb3 Nb6 19. Kf1 Bf6 20. e3 e5 21.
dxe5 Rxd1+ 22. Bxd1 Bxe5 23. Bb3 c5 24. f4 Bf6 25. e4 Bd4 26. Ke2 c4 27. Bc2 b4
28. Be3 Bxe3 29. Kxe3 b3 30. Bb1 c3 0-1

[Event "Elit(Rockaden-Vasteras)"]
[Site "?"]
[Date "2009.01.17"]
[Round "6"]
[White "Karlsson, Lars"]
[Black "Akesson, Ralf"]
[Result "0-1"]
[WhiteElo "2508"]
[BlackElo "2511"]
[PlyCount "80"]

1. c4 Nf6 2. g3 e6 3. Nf3 a6 4. Bg2 b5 5. b3 Bb7 6. O-O c5 7. Nc3 b4 8. Na4 d6
9. Bb2 Nbd7 10. a3 a5 11. Ra2 Be7 12. d4 Qc7 13. Qa1 O-O 14. dxc5 dxc5 15. Ne5
Bxg2 16. Kxg2 Nxe5 17. Bxe5 Qc6+ 18. Kg1 Rfd8 19. axb4 axb4 20. f3 Ra7 21. Rd1
Rxd1+ 22. Qxd1 Nd7 23. Bf4 h5 24. Nc3 Rxa2 25. Nxa2 e5 26. Be3 e4 27. f4 Qe6
28. Nc1 h4 29. Qf1 Qh6 30. Qg2 Nf6 31. gxh4 Qxh4 32. Qg3 Qh5 33. Qg5 g6 34.
Qxh5 Nxh5 35. Bd2 Ng7 36. e3 Nf5 37. Kf1 Nh4 38. Be1 Nf3 39. Bg3 f5 40. Ne2
Nd2+ 0-1

[Event "Elit(Rockaden-Vasteras)"]
[Site "?"]
[Date "2009.01.17"]
[Round "6"]
[White "Eriksson, Anders"]
[Black "Engqvist, Thomas"]
[Result "1-0"]
[WhiteElo "2367"]
[BlackElo "2468"]
[PlyCount "97"]

1. Nf3 Nf6 2. c4 c5 3. g3 b6 4. Bg2 Bb7 5. O-O g6 6. Nc3 Bg7 7. d3 O-O 8. e4 d6
9. Rb1 Nc6 10. a3 Ne8 11. Bd2 Nc7 12. b4 Ne6 13. Ne2 Ned4 14. Be3 e5 15. Nfxd4
cxd4 16. Bd2 Qd7 17. Qb3 Rab8 18. f4 Ne7 19. b5 Rbc8 20. a4 Rc7 21. fxe5 dxe5
22. Bb4 Qe6 23. a5 Rfc8 24. axb6 axb6 25. Ra1 Bh6 26. Ra7 Be3+ 27. Kh1 Bxe4 28.
Qa3 Rxa7 29. Qxa7 Bxg2+ 30. Kxg2 Nf5 31. Qb7 Bh6 32. Ra1 Re8 33. Ra8 Ne3+ 34.
Kh1 Bg7 35. Rxe8+ Qxe8 36. Qxb6 Qa8+ 37. Qc6 Qa1+ 38. Ng1 h5 39. b6 Qa6 40. Bd2
e4 41. Qc7 Kh7 42. Qa7 Qc8 43. b7 Qf5 44. b8=Q exd3 45. Qbb7 Nxc4 46. Qa2 Nxd2
47. Qxd2 Bh6 48. Qa2 Kg7 49. Qf3 1-0

[Event "Elit(Rockaden-Vasteras)"]
[Site "?"]
[Date "2009.01.17"]
[Round "6"]
[White "Wessman, Richard"]
[Black "Eriksson, Johan"]
[Result "1-0"]
[WhiteElo "2482"]
[BlackElo "2441"]
[PlyCount "77"]

1. d4 Nf6 2. c4 e6 3. Nc3 Bb4 4. e3 O-O 5. Bd3 c5 6. Nf3 d5 7. a3 Bxc3+ 8. bxc3
dxc4 9. Bxc4 Qc7 10. Be2 Nc6 11. O-O e5 12. Bb2 Rd8 13. Rc1 Bg4 14. h3 Bh5 15.
Re1 Qb6 16. Ba1 cxd4 17. cxd4 Bxf3 18. Bxf3 exd4 19. Qa4 Ne5 20. Bxd4 Nxf3+ 21.
gxf3 Qe6 22. Kh2 Qf5 23. f4 b5 24. Qd1 Ne4 25. Rg1 g6 26. f3 Nf2 27. Qf1 Rxd4
28. exd4 Nd3 29. Rd1 Nxf4 30. Rd2 Re8 31. Rg3 h5 32. d5 Qe5 33. Qxb5 h4 34. Rg4
Nh5+ 35. Kg2 Nf4+ 36. Rxf4 Qg5+ 37. Kf1 Re3 38. Qb8+ Kh7 39. Rxf7+ 1-0

[Event "Elit(Rockaden-Vasteras)"]
[Site "?"]
[Date "2009.01.17"]
[Round "6"]
[White "Nilsson, Andre"]
[Black "Olsson, Anders"]
[Result "1-0"]
[WhiteElo "2333"]
[BlackElo "2468"]
[PlyCount "93"]

1. g3 g6 2. Bg2 Bg7 3. e4 e5 4. Ne2 Ne7 5. O-O O-O 6. c3 Nbc6 7. d4 exd4 8.
cxd4 d5 9. e5 f6 10. f4 Bg4 11. Nbc3 Qd7 12. Be3 Rad8 13. Qd2 Bh3 14. Rad1 Bxg2
15. Kxg2 Nf5 16. Bf2 h5 17. Qd3 b6 18. Ng1 fxe5 19. dxe5 Nce7 20. Nf3 c5 21.
Ng5 Qc6 22. Kg1 Bh6 23. Nf3 Kh7 24. Rfe1 Ng7 25. b3 Ne6 26. Ne2 d4 27. Nd2 Nd5
28. Ne4 Ng7 29. a3 Nf5 30. Rc1 Nde3 31. Bxe3 dxe3 32. Qc4 Kh8 33. b4 b5 34. Qc2
c4 35. N2c3 Rd3 36. Nc5 Nd4 37. Qg2 Qxg2+ 38. Kxg2 Rd2+ 39. Kh1 Nf3 40. Re2
Rfd8 41. Kg2 Nd4 42. Rxd2 exd2 43. Rd1 g5 44. Rxd2 gxf4 45. Rd1 f3+ 46. Kf2
Be3+ 47. Kxe3 1-0

[Event "Elit(Rockaden-Vasteras)"]
[Site "?"]
[Date "2009.01.17"]
[Round "6"]
[White "Hermansson, Emil"]
[Black "Nygren, Kim"]
[Result "1/2-1/2"]
[WhiteElo "2474"]
[BlackElo "2295"]
[PlyCount "98"]

1. e4 d6 2. d4 Nf6 3. Nd2 g6 4. Ngf3 Bg7 5. Bd3 O-O 6. O-O Nc6 7. c3 e5 8. Re1
Nh5 9. dxe5 dxe5 10. Nc4 Nf4 11. Bf1 Qe7 12. Qb3 Kh8 13. Be3 Re8 14. Rad1 Rb8
15. h3 g5 16. g3 Nxh3+ 17. Bxh3 Bxh3 18. Nxg5 Be6 19. Rd5 b5 20. Rxb5 Na5 21.
Rxa5 Rxb3 22. axb3 Bxc4 23. bxc4 h6 24. Nf3 Qd7 25. Rxa7 Qc6 26. Nd2 Ra8 27.
Rea1 Rxa7 28. Rxa7 h5 29. b4 h4 30. b5 Qg6 31. Rxc7 hxg3 32. Rc6 Qg4 33. f3 Qh5
34. b6 Qh2+ 35. Kf1 g2+ 36. Ke1 g1=Q+ 37. Bxg1 Qxg1+ 38. Nf1 Qg5 39. c5 Qc1+
40. Kf2 Qb2+ 41. Kg3 Kh7 42. Ne3 Bh6 43. Nd5 Qb5 44. Rc7 Qf1 45. Rxf7+ Kg6 46.
Rf6+ Kh5 47. Rf5+ Bg5 48. b7 Qg1+ 49. Kh3 Qh1+ 1/2-1/2

[Event "Elit(Rockaden-Vasteras)"]
[Site "?"]
[Date "2009.01.17"]
[Round "6"]
[White "Norberg, Johan"]
[Black "Livner, Anders"]
[Result "1/2-1/2"]
[WhiteElo "2364"]
[BlackElo "2369"]
[PlyCount "103"]

1. e4 c5 2. Nf3 e6 3. c3 Nf6 4. e5 Nd5 5. d4 cxd4 6. cxd4 d6 7. Nc3 Nxc3 8.
bxc3 Qc7 9. Bd2 Nd7 10. exd6 Bxd6 11. Bd3 b6 12. O-O Bb7 13. Re1 O-O 14. h3 Bf4
15. Bxf4 Qxf4 16. Qd2 Qxd2 17. Nxd2 Rac8 18. c4 Rfd8 19. Nb3 g6 20. Bf1 Rc7 21.
Rac1 Rdc8 22. Red1 Ba6 23. Nd2 Nf6 24. Rc3 Rd8 25. Ra3 Bb7 26. Nb3 Ba8 27. Rc1
Kg7 28. f3 g5 29. Kf2 h5 30. c5 Bd5 31. Bc4 h4 32. Ra6 Rb8 33. Bd3 Bxb3 34.
axb3 bxc5 35. Ra3 Rd7 36. Rxc5 Rxd4 37. Be2 Nd5 38. Bc4 Rd2+ 39. Ke1 Rxg2 40.
Bxd5 exd5 41. Rxd5 Rb7 42. Rd4 Re7+ 43. Kf1 Rg3 44. f4 f6 45. fxg5 fxg5 46. Rg4
Rf3+ 47. Kg2 Rf5 48. Ra6 Rd5 49. Rga4 Rd2+ 50. Kf3 Rd3+ 51. Kg4 Rxb3 52. Kxg5
1/2-1/2

[Event "Elit(Rockaden-Vasteras)"]
[Site "?"]
[Date "2009.01.17"]
[Round "6"]
[White "Lissang, Christoffer"]
[Black "Norberg, Erik"]
[Result "1-0"]
[WhiteElo "2345"]
[BlackElo "2289"]
[PlyCount "53"]

1. e4 g6 2. d4 Bg7 3. Nc3 c6 4. Nf3 d5 5. h3 dxe4 6. Nxe4 Nd7 7. Bd3 Ngf6 8.
Qe2 O-O 9. O-O b6 10. Bg5 Bb7 11. Rad1 Qc7 12. Rfe1 Rfe8 13. c3 h6 14. Bc1 Rad8
15. Nxf6+ Nxf6 16. Ne5 e6 17. Bf4 Nd5 18. Bg3 Qe7 19. Be4 Bxe5 20. Bxe5 f6 21.
Bg3 Qf7 22. Bc2 Kg7 23. a4 Rc8 24. a5 c5 25. Ba4 Bc6 26. Bxc6 Rxc6 27. c4 1-0

[Event "Elit(Manhem-Skara)"]
[Site "?"]
[Date "2009.01.17"]
[Round "6"]
[White "Eklund, Lars-Goran"]
[Black "Nithander, Victor"]
[Result "1/2-1/2"]
[WhiteElo "2383"]
[BlackElo "2465"]
[PlyCount "41"]

1. Nf3 Nf6 2. c4 g6 3. Nc3 Bg7 4. e4 d6 5. d4 O-O 6. Be2 e5 7. dxe5 dxe5 8.
Qxd8 Rxd8 9. Bg5 Re8 10. O-O-O Na6 11. Ne1 c6 12. f3 Nc5 13. Nd3 Nfd7 14. Rd2
Nxd3+ 15. Bxd3 Nc5 16. Rhd1 Be6 17. Bf1 a5 18. Rd8 f6 19. Rxa8 Rxa8 20. Be3 Bf8
21. b3 1/2-1/2

[Event "Elit(Manhem-Skara)"]
[Site "?"]
[Date "2009.01.17"]
[Round "6"]
[White "Schneider, Lars-Ake"]
[Black "Mohammadi, Amir"]
[Result "1/2-1/2"]
[WhiteElo "2338"]
[BlackElo "2324"]
[PlyCount "44"]

1. e4 c5 2. Nf3 e6 3. d4 cxd4 4. Nxd4 Nf6 5. Nc3 d6 6. f4 Be7 7. Bd3 a6 8. O-O
b5 9. Nf3 Bb7 10. e5 Qb6+ 11. Kh1 Ng4 12. Qe1 Nd7 13. Qg3 h5 14. a4 b4 15. a5
Qc5 16. Ne4 Bxe4 17. Bxe4 d5 18. Bd3 Qa7 19. f5 O-O-O 20. fxe6 fxe6 21. Bg5 Nc5
22. Bxe7 Qxe7 1/2-1/2

[Event "Elit(Manhem-Skara)"]
[Site "?"]
[Date "2009.01.17"]
[Round "6"]
[White "Svensson, Sven"]
[Black "Andersson, Bjorn"]
[Result "1/2-1/2"]
[WhiteElo "2289"]
[BlackElo "2353"]
[PlyCount "40"]

1. d4 Nf6 2. c4 g6 3. Nc3 Bg7 4. Nf3 O-O 5. Bg5 d6 6. e3 h6 7. Bh4 Nbd7 8. Qc2
c6 9. Rd1 Re8 10. Be2 e5 11. O-O Qe7 12. dxe5 dxe5 13. Nd2 Nf8 14. Bxf6 Bxf6
15. Nde4 Bf5 16. Qb3 Rab8 17. Nxf6+ Qxf6 18. Qa3 Qe7 19. Qxe7 Rxe7 20. Rd6 Rd7
1/2-1/2

[Event "Elit(Manhem-Skara)"]
[Site "?"]
[Date "2009.01.17"]
[Round "6"]
[White "Akesson, Joel"]
[Black "Cederqvist, Niclas"]
[Result "1-0"]
[WhiteElo "2382"]
[BlackElo "2166"]
[PlyCount "37"]

1. d4 d5 2. Nf3 Nf6 3. c4 c6 4. e3 e6 5. Bd3 Nbd7 6. O-O Be7 7. Nbd2 h6 8. e4
dxe4 9. Nxe4 Nxe4 10. Bxe4 Nf6 11. Bc2 c5 12. Be3 cxd4 13. Bxd4 b6 14. Ba4+ Bd7
15. Ne5 Bxa4 16. Qxa4+ Kf8 17. Rfd1 Qc7 18. Bc3 Bd6 19. Rxd6 1-0